Il vecchio dio / (Record no. 187775)

MARC details
000 -LEADER
campo de control de longitud fija 00562nam a2200205 i 4500
001 - NÚMERO DE CONTROL
campo de control 187775
003 - IDENTIFICADOR DE NÚMERO DE CONTROL
campo de control ES-MaACL
005 - FECHA Y HORA DE LA ÚLTIMA TRANSACCIÓN
campo de control 20230906223027.0
007 - CAMPO FIJO DE DESCRIPCIÓN FÍSICA--INFORMACIÓN GENERAL
campo de control de longitud fija t|
008 - DATOS DE LONGITUD FIJA--INFORMACIÓN GENERAL
campo de control de longitud fija 180220s1932 it r ||||1| ita d
080 ## - NÚMERO DE LA CLASIFICACIÓN DECIMAL UNIVERSAL
Número de la Clasificación Decimal Universal 821.131.1-32"19"
100 1# - ENTRADA PRINCIPAL--NOMBRE DE PERSONA
Nombre de persona Pirandello, Luigi.
9 (RLIN) 92338
245 13 - MENCIÓN DEL TÍTULO
Título Il vecchio dio /
Mención de responsabilidad, etc. Luigi Pirandello.
260 ## - PUBLICACIÓN, DISTRIBUCIÓN, ETC.
Lugar de publicación, distribución, etc. Milano :
Nombre del editor, distribuidor, etc. A. Mondadori,
Fecha de publicación, distribución, etc. 1932.
300 ## - DESCRIPCIÓN FÍSICA
Extensión VI, 234 p. ;
Dimensiones 19 cm.
490 1# - MENCIÓN DE SERIE
Mención de serie Novelle per un anno ;
Designación de volumen o secuencia 10
830 0# - PUNTO DE ACCESO ADICIONAL DE SERIE-TÍTULO UNIFORME
Título uniforme Novelle per un anno ;
Designación de volumen o secuencia 10
9 (RLIN) 192821
852 ## - LOCALIZACIÓN
Ubicación ES-MaACL
Número de control de estantería A-2219
Holdings
Estatus retirado Estado de pérdida Estado de daño No para préstamo Biblioteca de origen Biblioteca actual Ubicación en estantería Fecha de adquisición Fuente de adquisición Total de préstamos Signatura topográfica completa Código de barras Visto por última vez Precio de reemplazo Tipo de ítem Koha
        Biblioteca del Ateneo de Madrid Biblioteca del Ateneo de Madrid Sala Pecera Planta 1 20/02/2018     A-2219 1198387 23/02/2023 23/02/2023 Libro impreso